Úvod do praktické bioinformatiky /
Uloženo v:
| Hlavní autor: | |
|---|---|
| Médium: | Kniha |
| Jazyk: | čeština |
| Vydáno: |
Praha :
Academia, nakladatelství Československé akademie věd,
2006
|
| Vydání: | 1. vyd. |
| Témata: | |
| ISBN: | 8020013601 |
| On-line přístup: |
|
| Tagy: |
Přidat tag
Žádné tagy, Buďte první, kdo vytvoří štítek k tomuto záznamu!
|
MARC
| LEADER | 00000nam a2200000 4500 | ||
|---|---|---|---|
| 003 | SK-BrCVT | ||
| 005 | 20220621172442.0 | ||
| 008 | 090715s2006 xr e ||||||cze d | ||
| 020 | |a 8020013601 | ||
| 035 | |a CVTIDW1503612 | ||
| 040 | |b slo |a CVTI SR |e AACR2 | ||
| 041 | 0 | |a cze | |
| 044 | |a xr | ||
| 080 | |a 575.11 |2 UDC-MRF | ||
| 080 | |a 57/59:004.6 |2 UDC-MRF | ||
| 080 | |a 004.62 |2 UDC-MRF | ||
| 100 | 1 | |a Cvrčková, Fatima |d 1966-, |4 aut | |
| 245 | 1 | 0 | |a Úvod do praktické bioinformatiky / |c Fatima Cvrčková |
| 250 | |a 1. vyd. | ||
| 260 | |a Praha : |b Academia, nakladatelství Československé akademie věd, |c 2006 | ||
| 300 | |a 148 s. : |b grafy, lit., obr., tab. ; | ||
| 653 | 1 | |a praktická bioinformatika |a genóm |a dedičnosť |a genetický aparát |a biologický údaj |a spracovanie dát |a cytogenetika |a automatizovaný postup |a štruktúra bielkovín | |
| 910 | |a BA002 |b A608458 | ||
| 919 | |a 80-200-1360-1 | ||
| 974 | |f Knihy | ||
| 992 | |a AMG | ||
| 999 | |c 195605 |d 195605 | ||

